00321pab a2200133 454500008004000000100001800040245005800058260000900116300001300125362000800138650001000146650001500156773001600171180718b2017 xxu||||| |||| 00| 0 eng d aSarswat, B.L. aBeekeeping for youths: perspectives and opportunities c2017 ap.32-36. aJan aYouth aBeekeeping aKurukshetra